Statistiques concernant Les plus grandes villes de France - Quiz

Cliquez ici pour prendre le quiz!

Statistiques générales

  • Ce quiz a été pris 112 590 fois
    (43 609 depuis la dernière actualisation)
  • Le résultat moyen est 14 sur 20

Statistiques - réponses

PopulationVille% Correct
2 187 526Paris
100%
863 310Marseille
99%
516 092Lyon
98%
232 787Lille
94%
254 436Bordeaux
94%
479 553Toulouse
93%
340 017Nice
92%
280 966Strasbourg
91%
309 346Nantes
87%
216 815Rennes
83%
285 121Montpellier
76%
156 920Dijon
60%
158 454Grenoble
58%
172 565Saint-Étienne
56%
171 953Toulon
55%
182 460Reims
50%
170 147Le Havre
48%
152 960Angers
47%
150 610Nîmes
40%
147 931Saint-Denis
(La Réunion)
26%

Distribution des résultats

Percentile par nombre de réponses

% des personnes avec chaque résultat

Votre développement - résultats

Vous n’avez pas pris ce quiz depuis la dernière actualisation